| 000 | 00507nam a2200157Ia 4500 | ||
|---|---|---|---|
| 008 | 210716s2004 xx 000 0 und d | ||
| 020 | _a9788131509968 | ||
| 041 | _aeng | ||
| 082 | _a005.3068 RICD | ||
| 100 | _aRico, David F. | ||
| 245 |
_aRoi of software process improvement: metrics for project managers and software engineers. _bMetrics for project managers and software engineers. |
||
| 250 | _a1 | ||
| 260 |
_aNew Delhi _bCengage Learning _c2004 |
||
| 300 | _axx,218 | ||
| 650 | _aProject Management | ||
| 999 |
_c189974 _d189974 |
||